Kongzi xue shuo /

Disimpan dalam:
Butiran Bibliografi
Pengarang Utama: Liu, Xiwu, 1914-1970.
Format: Buku
Bahasa:Chinese
Diterbitkan: Taibei : Min zhu xian zheng she, Min guo 53 [1964]
Subjek-subjek:
Penanda-penanda: Tambah Penanda
Tiada Penanda, Jadilah orang pertama menanda rekod ini!
LEADER 00714cam a2200217ui 4500
001 007724552-0
005 20024617112705.0
008 980302s1964 ch 000 0 chi d
035 0 |a ocm38530617 
040 |a *YNH*  |c *YNH*  |d CStRLIN 
100 1 |6 880-01  |a Liu, Xiwu,  |d 1914-1970. 
245 1 0 |6 880-02  |a Kongzi xue shuo /  |c Liu Xiwu zhu. 
260 |6 880-03  |a Taibei :  |b Min zhu xian zheng she,  |c Min guo 53 [1964] 
300 |a 4, 2, 123 p. ;  |c 19 cm. 
500 |a Appendices: p. 89-123. 
650 0 |a Confucius and Confucianism. 
880 1 |6 100-01  |a 劉錫五,  |d 1914-1970. 
880 1 0 |6 245-02  |a 孔子學說 /  |c 劉錫五著. 
880 |6 260-03  |a 台北 :  |b 民主憲政社,  |c 民國53 [1964] 
988 |a 20021121 
906 |0 MH